[Event "Aeroflot Open"]
[Site "Moscow RUS"]
[Date "2019.02.24"]
[EventDate "2019.02.20"]
[Round "6.44"]
[Result "1/2-1/2"]
[White "D Gukesh"]
[Black "Changren Dai"]
[WhiteElo "2508"]
[BlackElo "2473"]
[PlyCount "46"]

1. e4 e5 2. Nf3 Nc6 3. Bc4 Bc5 4. c3 Nf6 5. d4 exd4 6. e5 d5
7. Be2 Ne4 8. cxd4 Bb6 9. O-O O-O 10. Be3 f6 11. exf6 Qxf6
12. Nc3 Nxc3 13. bxc3 Bg4 14. Qb3 Qd6 15. h3 Bxf3 16. Bxf3 Ne7
17. c4 Qg6 18. Bd2 dxc4 19. Qxc4+ Qf7 20. Qxf7+ Rxf7 21. Bxb7
Rd8 22. Be3 Nf5 23. Ba6 Rff8 1/2-1/2

[Event "Aeroflot Open"]
[Site "Moscow RUS"]
[Date "2019.02.25"]
[EventDate "2019.02.20"]
[Round "7.46"]
[Result "1/2-1/2"]
[White "Gabriel Battaglini"]
[Black "D Gukesh"]
[WhiteElo "2460"]
[BlackElo "2508"]
[PlyCount "151"]

1. d4 Nf6 2. c4 g6 3. Nc3 Bg7 4. e4 d6 5. Be2 O-O 6. Be3 Na6
7. Nf3 c5 8. d5 e6 9. O-O Re8 10. Qd2 exd5 11. exd5 Bf5
12. Bh6 Bxh6 13. Qxh6 Nb4 14. Qd2 Ne4 15. Nxe4 Bxe4 16. Ne1 b5
17. f3 Bf5 18. g4 Bd7 19. a3 Na6 20. cxb5 Nc7 21. a4 Nxd5
22. Qxd5 Rxe2 23. Qxd6 Qe8 24. Qxc5 Rc8 25. Qd4 Qe7 26. Rd1
Be6 27. Rf2 Bb3 28. Rxe2 Qxe2 29. Ra1 Rc4 30. Qd3 Qxd3
31. Nxd3 Rxa4 32. Rc1 Bc4 33. Ne5 Bxb5 34. g5 Rf4 35. Ng4 Kf8
36. Kf2 Rc4 37. Rxc4 Bxc4 38. Nf6 Kg7 39. Ke3 h6 40. Ne8+ Kg8
41. Kd4 Be2 42. f4 hxg5 43. fxg5 Kf8 44. Nd6 a6 45. b4 Ke7
46. Ke5 Bd3 47. h4 Be2 48. Nb7 Bf1 49. Nc5 Bb5 50. Kd5 f6
51. Ne4 f5 52. Nc5 Bf1 53. Ke5 Be2 54. Ne6 Bb5 55. Nf4 Kf7
56. h5 gxh5 57. g6+ Kg7 58. Kxf5 Kh6 59. Kf6 Bc4 60. Ng2 Bd3
61. Nf4 Bc4 62. Nh3 h4 63. Ng5 Bg8 64. Nh3 Bb3 65. Nf4 Ba2
66. Nh3 Bb3 67. Ng5 Bg8 68. g7 Bb3 69. Ne4 Ba2 70. Nf2 Bb3
71. Ng4+ Kh7 72. Nf2 Ba2 73. Ne4 Bb3 74. Ng5+ Kh6 75. Nf7+ Kh7
76. Ng5+ 1/2-1/2

[Event "Aeroflot Open"]
[Site "Moscow RUS"]
[Date "2019.02.26"]
[EventDate "2019.02.20"]
[Round "8.44"]
[Result "1/2-1/2"]
[White "D Gukesh"]
[Black "Andrei Macovei"]
[WhiteElo "2508"]
[BlackElo "2435"]
[PlyCount "69"]

1. e4 c5 2. Nf3 d6 3. d4 cxd4 4. Nxd4 Nf6 5. Nc3 a6 6. Be3 e5
7. Nf3 Be7 8. Bc4 O-O 9. O-O Be6 10. Bb3 Nc6 11. h3 Rc8
12. Bg5 Nd7 13. Bxe7 Qxe7 14. Nd5 Qd8 15. c3 Na5 16. Bc2 Nc4
17. Rb1 b5 18. Re1 h6 19. Ne3 Nf6 20. Nxc4 bxc4 21. Qd2 Rc6
22. Ba4 Rb6 23. b4 cxb3 24. axb3 Qc7 25. b4 a5 26. Bc2 axb4
27. cxb4 Rfb8 28. Bd3 Qb7 29. b5 Nd7 30. Rb4 Nc5 31. Bf1 Ra8
32. Qc3 Qe7 33. Rc1 Bd7 34. Nd2 Rab8 35. Qa3 1/2-1/2

[Event "Aeroflot Open A 2019"]
[Site "Moscow RUS"]
[Date "2019.02.27"]
[EventDate "?"]
[Round "9.49"]
[Result "1/2-1/2"]
[White "Aditya Mittal"]
[Black "D Gukesh"]
[WhiteElo "2454"]
[BlackElo "2508"]
[PlyCount "26"]

1. d4 Nf6 2. c4 g6 3. Nc3 Bg7 4. e4 d6 5. Be2 O-O 6. Nf3 Na6 7. O-O e5 8. Be3 c6 9. Qc2 Qe7 10. c5 dxc5 11. dxe5 Ng4 12. Bg5 Qe6 13. Bxa6 bxa6 1/2-1/2

[Event "9th HDBank Masters"]
[Site "Ho Chi Minh City VIE"]
[Date "2019.03.08"]
[EventDate "2019.03.07"]
[Round "2"]
[Result "0-1"]
[White "Irine Kharisma Sukandar"]
[Black "D Gukesh"]
[WhiteElo "2381"]
[BlackElo "2529"]
[PlyCount "74"]

1. e4 c5 2. Nf3 d6 3. d4 cxd4 4. Nxd4 Nf6 5. Nc3 a6 6. f3 e6
7. Be3 Nbd7 8. Qd2 b5 9. g4 Nb6 10. a4 Nc4 11. Bxc4 bxc4
12. g5 Nd7 13. f4 Bb7 14. O-O Nc5 15. f5 e5 16. Nde2 Nxe4
17. Nxe4 Bxe4 18. Nc3 Bb7 19. Nd5 Qd7 20. b3 Qc6 21. Rfd1 cxb3
22. cxb3 Qxd5 23. Qxd5 Bxd5 24. Rxd5 Be7 25. Rc1 Kd7 26. Rcd1
Kc6 27. Kf2 Rhb8 28. R5d3 Rb7 29. Bc1 Rab8 30. Rh3 Rxb3
31. Rxh7 Bf8 32. f6 gxf6 33. gxf6 d5 34. Rxf7 Bc5+ 35. Kg2 Rc3
36. h4 Rc2+ 37. Kh3 Rb1 0-1

[Event "9th HDBank Masters"]
[Site "Ho Chi Minh City VIE"]
[Date "2019.03.10"]
[EventDate "2019.03.07"]
[Round "5"]
[Result "1-0"]
[White "D Gukesh"]
[Black "Chen Zou"]
[WhiteElo "2529"]
[BlackElo "2397"]
[PlyCount "105"]

1. Nf3 Nf6 2. g3 g6 3. Bg2 Bg7 4. O-O O-O 5. d4 d6 6. c4 Nbd7
7. Nc3 e5 8. Qc2 Re8 9. Rd1 c6 10. e4 Qa5 11. h3 b5 12. cxb5
cxb5 13. a4 bxa4 14. Rxa4 Qc7 15. Qe2 Nb6 16. Nb5 Qe7 17. Ra3
exd4 18. Nfxd4 Bb7 19. Bf4 Nxe4 20. Re3 d5 21. Nc7 Qb4 22. Nc2
Qxb2 23. Nxe8 Rxe8 24. Na3 Qb4 25. Qb5 Qxb5 26. Nxb5 Nc4
27. Ree1 Nb2 28. Rb1 Rd8 29. Nxa7 Ra8 30. Be3 d4 31. Bf4 f5
32. Rxb2 Rxa7 33. Bb8 d3 34. Rbb1 d2 35. Rf1 Bd4 36. Bxa7 Bxa7
37. Rbd1 Ba6 38. Bxe4 fxe4 39. Rxd2 Bxf1 40. Kxf1 Bc5 41. Re2
e3 42. fxe3 Kf7 43. Kg2 Kf6 44. Kf3 Ke5 45. Rb2 Bf8 46. Rb5+
Kf6 47. Ke4 h5 48. Rb6+ Kf7 49. Kd5 Bh6 50. e4 Be3 51. Rb7+
Kf6 52. e5+ Kg5 53. e6 1-0

[Event "9th HDBank Masters"]
[Site "Ho Chi Minh City VIE"]
[Date "2019.03.10"]
[EventDate "2019.03.07"]
[Round "6"]
[Result "1-0"]
[White "Sandro Mareco"]
[Black "D Gukesh"]
[WhiteElo "2666"]
[BlackElo "2529"]
[PlyCount "139"]

1. d4 d5 2. c4 c6 3. Nf3 Nf6 4. e3 e6 5. Bd3 dxc4 6. Bxc4 c5
7. O-O Be7 8. b3 O-O 9. Bb2 Nc6 10. dxc5 Qxd1 11. Rxd1 Bxc5
12. Nc3 b6 13. Ng5 Bb7 14. Nge4 Be7 15. Nd6 Bxd6 16. Rxd6 Rfd8
17. Rad1 Rxd6 18. Rxd6 Rd8 19. Nb5 a6 20. Rxd8+ Nxd8 21. Nd6
b5 22. Bd3 Bc6 23. Ba3 Nb7 24. Nc8 Be4 25. Ne7+ Kh8 26. Bxe4
Nxe4 27. Bb2 Nbc5 28. f3 Nd3 29. Bd4 Nd2 30. e4 Nb1 31. Kf1
Nb4 32. Ke2 Nxa2 33. Kd1 Nb4 34. Bb2 Nd3 35. Ba1 Na3 36. Nc6
b4 37. Bd4 Nb5 38. Be3 f6 39. Kd2 Ne5 40. Nxb4 a5 41. Nd3 Nc6
42. Bb6 Nd6 43. Kc3 Kg8 44. Bc5 Nf7 45. Kc4 Nfe5+ 46. Nxe5
Nxe5+ 47. Kb5 Nd3 48. Be3 Kf7 49. Bd2 Ke7 50. Bxa5 Kd7 51. Bc3
Nf4 52. g3 Ne2 53. Kc4 Ng1 54. f4 Nf3 55. h3 g5 56. Kd3 gxf4
57. gxf4 f5 58. exf5 exf5 59. Ke3 Nh4 60. Bf6 Ng6 61. Be5 Kc6
62. Kd4 Nf8 63. Kc4 Nd7 64. Bd4 Nf8 65. b4 Ne6 66. b5+ Kb7
67. Be3 Nc7 68. b6 Ne8 69. Kd5 Ng7 70. Ke5 1-0

[Event "9th HDBank Masters"]
[Site "Ho Chi Minh City VIE"]
[Date "2019.03.11"]
[EventDate "2019.03.07"]
[Round "7"]
[Result "1-0"]
[White "D Gukesh"]
[Black "Azarya Jodi Setyaki"]
[WhiteElo "2529"]
[BlackElo "2378"]
[PlyCount "51"]

1. Nf3 Nf6 2. g3 g6 3. Bg2 Bg7 4. O-O O-O 5. c4 d6 6. d4 Nbd7
7. Nc3 e5 8. Qc2 Re8 9. Rd1 exd4 10. Nxd4 a6 11. b3 Rb8
12. Bb2 c5 13. Nf3 b5 14. cxb5 axb5 15. Rxd6 b4 16. Na4 Qe7
17. Rad1 Ne4 18. Rc6 Bxb2 19. Qxb2 Ndf6 20. Nxc5 Nc3 21. Re1
Ng4 22. e3 Rb5 23. Nd3 Bb7 24. Rc4 Ne4 25. Nd4 Rb6 26. f3 1-0

[Event "9th HDBank Masters"]
[Site "Ho Chi Minh City VIE"]
[Date "2019.03.12"]
[EventDate "2019.03.07"]
[Round "8"]
[Result "0-1"]
[White "Anton Demchenko"]
[Black "D Gukesh"]
[WhiteElo "2678"]
[BlackElo "2529"]
[PlyCount "94"]

1. e4 c5 2. Nc3 Nc6 3. g3 Rb8 4. Nge2 b5 5. Bg2 b4 6. Nd5 e6
7. Ne3 Nf6 8. O-O Be7 9. a3 b3 10. c4 O-O 11. d3 d6 12. f4 Nd4
13. Nxd4 cxd4 14. Ng4 Nxg4 15. Qxg4 d5 16. cxd5 exd5 17. f5
dxe4 18. Bxe4 Bf6 19. Bf4 Rb5 20. Rac1 Bb7 21. a4 Bxe4
22. dxe4 Re5 23. Bxe5 Bxe5 24. Rc5 d3 25. Rd5 Qb6+ 26. Kg2
Bxb2 27. Qd1 Bf6 28. Qxd3 b2 29. e5 Bg5 30. Qb5 Qe3 31. Qd3
Qb6 32. a5 Qc6 33. Kh3 Qh6+ 34. Kg2 Qc6 35. Kh3 Qh6+ 36. Kg4
Bc1 37. h4 Qc6 38. Rb5 a6 39. Rb3 Qa4+ 40. Kh3 h5 41. Kg2 Kh7
42. e6 Rd8 43. Qxd8 Qxb3 44. e7 Qb7+ 45. Kh3 b1=Q 46. e8=Q
Qxf5+ 47. Kh2 Qc2+ 0-1

[Event "9th HDBank Masters"]
[Site "Ho Chi Minh City VIE"]
[Date "2019.03.13"]
[EventDate "2019.03.07"]
[Round "9"]
[Result "1-0"]
[White "D Gukesh"]
[Black "Susanto Megaranto"]
[WhiteElo "2529"]
[BlackElo "2526"]
[PlyCount "63"]

1. e4 g6 2. d4 Bg7 3. Nc3 c6 4. Nf3 d6 5. Be3 Nf6 6. Qd2 Bg4
7. Be2 O-O 8. h3 Bxf3 9. Bxf3 Nbd7 10. O-O-O b5 11. e5 b4
12. exf6 bxc3 13. Qxc3 Nxf6 14. Qxc6 d5 15. Rd3 Rc8 16. Qa6 e6
17. Rhd1 Nd7 18. Rb3 Nb6 19. Be2 Qc7 20. Rc3 Qb8 21. Rxc8 Rxc8
22. Rd3 e5 23. dxe5 Qxe5 24. c3 Bh6 25. Bg4 f5 26. Bxh6 fxg4
27. Qxa7 gxh3 28. gxh3 Nc4 29. Rxd5 Qe1+ 30. Rd1 Qe5 31. Qd4
Qxd4 32. Rxd4 1-0

[Event "Sharjah Masters"]
[Site "Sharjah UAE"]
[Date "2019.03.22"]
[EventDate "2019.03.22"]
[Round "1.26"]
[Result "1/2-1/2"]
[White "Mounika Akshaya Bommini"]
[Black "D Gukesh"]
[WhiteElo "2076"]
[BlackElo "2529"]
[PlyCount "112"]

1. d4 Nf6 2. Bf4 d5 3. e3 c5 4. c3 e6 5. Nd2 Bd6 6. Bg3 O-O
7. Bd3 Nc6 8. Ngf3 b6 9. Qe2 Bb7 10. Rd1 Re8 11. e4 Be7 12. e5
Nh5 13. a3 g6 14. h4 Nxg3 15. fxg3 f5 16. Qe3 Rc8 17. Qf4 Rc7
18. g4 Bc8 19. Nf1 cxd4 20. cxd4 b5 21. Bxb5 Bd7 22. Bd3 Na5
23. gxf5 exf5 24. Ne3 Be6 25. O-O Nb3 26. Bc2 Na5 27. Bd3 Nb3
28. Ng5 Bxg5 29. hxg5 Qc8 30. Rf2 Qd7 31. Bc2 Na5 32. Bd3 Rec8
33. Kh2 Qa4 34. Be2 Rf7 35. Qf3 Nb3 36. Nxd5 Nxd4 37. Qf4 Bxd5
38. Rxd4 Qc6 39. Qd2 Bb3 40. Bf3 Qe6 41. Re2 Rc2 42. Qe3 Rxe2
43. Bxe2 Re7 44. g3 Kg7 45. Bf3 a5 46. Rd3 a4 47. Bd1 Bxd1
48. Rxd1 Qxe5 49. Qxe5+ Rxe5 50. Rd7+ Kg8 51. Ra7 Re2+ 52. Kh3
Re4 53. Kg2 Re2+ 54. Kf3 Rxb2 55. Rxa4 Kf7 56. Ra7+ Ke6
1/2-1/2

[Event "Sharjah Masters"]
[Site "Sharjah UAE"]
[Date "2019.03.24"]
[EventDate "2019.03.22"]
[Round "3.25"]
[Result "0-1"]
[White "Anand Pranav"]
[Black "D Gukesh"]
[WhiteElo "2359"]
[BlackElo "2529"]
[PlyCount "132"]

1. d4 Nf6 2. c4 e6 3. Nc3 Bb4 4. f3 d5 5. a3 Bxc3+ 6. bxc3 c5
7. cxd5 Nxd5 8. dxc5 Qa5 9. e4 Nf6 10. Be3 O-O 11. Qd2 Nfd7
12. c4 Qc7 13. Qd6 Qa5+ 14. Qd2 Qxd2+ 15. Kxd2 Na6 16. c6 bxc6
17. Ne2 e5 18. Kc2 Ndc5 19. Nc1 Ne6 20. Nd3 f6 21. Be2 c5
22. Kc3 Nd4 23. Bd1 Bd7 24. Bb3 Bc6 25. Bxd4 cxd4+ 26. Kd2
Rfc8 27. Rhc1 Kf8 28. c5 Bb5 29. Bc4 Nxc5 30. Bxb5 Nb3+
31. Kd1 Nxa1 32. Rxa1 Rc3 33. Kd2 Rb8 34. Ba4 a5 35. Bd1 Ke7
36. a4 Kd6 37. Bc2 h5 38. h4 Rc7 39. Rb1 Rxb1 40. Bxb1 Rc3
41. Bc2 g6 42. g4 Rc7 43. gxh5 gxh5 44. Bd1 Rg7 45. f4 Rg2+
46. Ke1 Rg1+ 47. Kd2 exf4 48. Nxf4 Ke5 49. Nxh5 Rg2+ 50. Be2
Rh2 51. Ng3 d3 52. Kxd3 Rh3 53. Ke3 Rxg3+ 54. Bf3 Rh3 55. h5
Rg3 56. Kf2 Kf4 57. Bg2 Rb3 58. h6 Rb8 59. Ke2 Rh8 60. Kd3
Rxh6 61. Kd4 Rh2 62. Bf1 Rd2+ 63. Bd3 Rd1 64. Kc3 Ke3 65. Bc2
Rc1 66. Kb2 Rxc2+ 0-1

[Event "Sharjah Masters"]
[Site "Sharjah UAE"]
[Date "2019.03.25"]
[EventDate "2019.03.22"]
[Round "4.6"]
[Result "0-1"]
[White "D Gukesh"]
[Black "Yuriy Kryvoruchko"]
[WhiteElo "2529"]
[BlackElo "2680"]
[PlyCount "138"]

1. Nf3 d5 2. g3 g6 3. Bg2 Bg7 4. d4 c6 5. O-O Nf6 6. b3 O-O
7. Bb2 Bf5 8. c4 Nbd7 9. e3 dxc4 10. bxc4 e5 11. Nc3 Qa5
12. d5 cxd5 13. cxd5 Rac8 14. Rc1 Ne4 15. Qa4 Qxa4 16. Nxa4 b5
17. Nc3 Nec5 18. Ne1 Bd3 19. Nxd3 Nxd3 20. Nxb5 Nxb2 21. Nxa7
Rc4 22. Nc6 Ra8 23. d6 Ra6 24. Ne7+ Kf8 25. Bc6 Nb8 26. Bb5
Rxc1 27. Rxc1 Rxd6 28. Nxg6+ hxg6 29. Rc8+ Ke7 30. Re8+ Kf6
31. Rxb8 e4 32. a4 Rd1+ 33. Kg2 Nd3 34. a5 Ne1+ 35. Kh3 Rd2
36. a6 Rxf2 37. a7 Nf3 38. Be2 Rxe2 39. a8=Q Kg5 40. Rb5+ f5
41. g4 Rxe3 42. Kg2 Kxg4 43. h3+ Kf4 44. Qa2 Rd3 45. Rd5 Bd4
46. Qe2 Nh4+ 47. Kh2 Bg1+ 48. Kxg1 Rxd5 49. Qh2+ Kg5 50. Qg3+
Kh5 51. Qc7 Nf3+ 52. Kf2 Ng5 53. h4 Rd2+ 54. Kf1 Nh3 55. Qh7+
Kg4 56. Qxg6+ Kf3 57. Qxf5+ Nf4 58. Ke1 e3 59. Qf6 Rc2 60. Kd1
Rc5 61. Qe7 e2+ 62. Kd2 Rd5+ 63. Kc2 Kf2 64. Qa7+ Kf1 65. Qa6
Kg2 66. Qa1 Nd3 67. Qg7+ Kh3 68. Qf7 e1=Q 69. Qf3+ Qg3 0-1

[Event "Sharjah Masters"]
[Site "Sharjah UAE"]
[Date "2019.03.27"]
[EventDate "2019.03.22"]
[Round "6.39"]
[Result "1-0"]
[White "D Gukesh"]
[Black "Anish Gandhi"]
[WhiteElo "2529"]
[BlackElo "2156"]
[PlyCount "77"]

1. Nf3 Nf6 2. g3 g6 3. Bg2 Bg7 4. O-O O-O 5. d4 d5 6. c4 c6
7. Nbd2 a5 8. b3 a4 9. Bb2 Bf5 10. Nh4 Be6 11. Qc2 b5 12. Bc3
Qb6 13. Rfb1 Qa7 14. e3 Nbd7 15. Bb4 Rfe8 16. cxb5 cxb5
17. Bf1 Rab8 18. Rc1 Ng4 19. h3 Nxe3 20. fxe3 Bxd4 21. exd4
Qxd4+ 22. Kh2 Qxb4 23. Qc3 Qd6 24. Nhf3 Nf6 25. Qc5 Qa6
26. Ne5 h5 27. Ndf3 Ne4 28. Qb4 Qa7 29. Qd4 Qb7 30. Rc6 Rbc8
31. Nxg6 Kh7 32. Rxc8 Qxc8 33. Nf4 Qc2+ 34. Bg2 Rg8 35. Ne1
Qc6 36. Bxe4+ dxe4 37. Qe5 h4 38. Qh5+ Kg7 39. Qxh4 1-0

[Event "Sharjah Masters"]
[Site "Sharjah UAE"]
[Date "2019.03.28"]
[EventDate "2019.03.22"]
[Round "7.27"]
[Result "0-1"]
[White "Mohamed Tissir"]
[Black "D Gukesh"]
[WhiteElo "2386"]
[BlackElo "2529"]
[PlyCount "82"]

1. e4 c5 2. Nf3 Nc6 3. Bb5 g6 4. O-O Bg7 5. Re1 e5 6. Bxc6
dxc6 7. d3 Qe7 8. Be3 Nf6 9. Nbd2 Ng4 10. Bg5 f6 11. Bh4 g5
12. Bg3 h5 13. h4 Be6 14. Qe2 Nh6 15. a3 g4 16. Nh2 O-O-O
17. Nhf1 Nf7 18. Ne3 Nd6 19. Rad1 Nb5 20. c3 Bh6 21. Ndc4 Rd7
22. a4 Nd6 23. Nxd6+ Rxd6 24. Qc2 Rhd8 25. b4 Qd7 26. bxc5
Rxd3 27. Qb2 Rd2 28. Rxd2 Qxd2 29. Qa1 Bf8 30. Rd1 Qe2 31. Re1
Qd3 32. Qb2 Qxe4 33. Nc2 Qxa4 34. Nd4 Qa2 35. Qc1 Bd7 36. Re2
Qc4 37. Re1 Bxc5 38. Ne2 Bf5 39. Qh6 Qf7 40. Kh2 Qg6 41. Qc1
Bd3 0-1

[Event "Sharjah Masters"]
[Site "Sharjah UAE"]
[Date "2019.03.29"]
[EventDate "2019.03.22"]
[Round "8.20"]
[Result "0-1"]
[White "D Gukesh"]
[Black "Kaumandur Srihari Raghunandan"]
[WhiteElo "2529"]
[BlackElo "2352"]
[PlyCount "156"]

1. Nf3 Nf6 2. g3 d5 3. Bg2 c6 4. O-O Bg4 5. h3 Bh5 6. d4 e6
7. c4 Nbd7 8. cxd5 exd5 9. Qb3 Qb6 10. Qe3+ Be7 11. Nh4 Bg6
12. Nc3 Qd8 13. Nxg6 hxg6 14. b4 O-O 15. b5 Re8 16. bxc6 bxc6
17. Qd3 Bb4 18. Bd2 Nb6 19. Rfc1 Qe7 20. e3 Nc4 21. Be1 Ba3
22. Rc2 Rab8 23. Bf1 Rb7 24. Qd1 Qe6 25. Kh2 Bd6 26. Bxc4 dxc4
27. Qe2 Qf5 28. Rd2 Qe6 29. Rad1 Nd5 30. Rc2 Nb4 31. Rb2 Rbe7
32. Qf3 Nd3 33. Rc2 Bb4 34. Bd2 Qd6 35. Nb1 Re6 36. Rxc4 Bxd2
37. Rxd2 Rf6 38. Rxc6 Qxc6 39. Qxc6 Rxc6 40. Rxd3 Rc2 41. Kg2
Rxa2 42. Rb3 a5 43. Nc3 a4 44. Rb4 Rc2 45. Nxa4 Rxe3 46. Rb8+
Kh7 47. Nc5 Rd2 48. Rb7 f6 49. Nb3 Rb2 50. Nc5 Rd2 51. Nb3 Rc2
52. Nc5 Ree2 53. Nd3 Red2 54. Rb3 Rc4 55. Kf3 Ra2 56. Ke3 Raa4
57. Nb2 Rcb4 58. Rxb4 Rxb4 59. Nd3 Rb3 60. d5 g5 61. Kd4 Kg6
62. Kc4 Ra3 63. g4 Kf7 64. Kd4 Ke7 65. f4 gxf4 66. Nxf4 Ra4+
67. Ke3 g5 68. Nh5 Ra3+ 69. Ke4 Rxh3 70. d6+ Kxd6 71. Nxf6 Ke6
72. Nh5 Ra3 73. Ng7+ Kf6 74. Nf5 Rb3 75. Ne3 Rb4+ 76. Kf3 Ke5
77. Nf5 Rb3+ 78. Kg2 Kf4 0-1

[Event "Sharjah Masters"]
[Site "Sharjah UAE"]
[Date "2019.03.30"]
[EventDate "2019.03.22"]
[Round "9.28"]
[Result "0-1"]
[White "Jain Jeet"]
[Black "D Gukesh"]
[WhiteElo "2219"]
[BlackElo "2529"]
[PlyCount "70"]

1. e4 c5 2. Nf3 Nc6 3. d4 cxd4 4. Nxd4 Nf6 5. Nc3 e5 6. Ndb5
d6 7. Bg5 a6 8. Na3 b5 9. Nd5 Qa5+ 10. Bd2 Qd8 11. Bg5 Be7
12. Bxf6 Bxf6 13. c3 Bg5 14. Nc2 Rb8 15. a4 bxa4 16. Ncb4 Nxb4
17. cxb4 O-O 18. Rxa4 a5 19. b5 Bd7 20. Nc3 d5 21. exd5 Rb6
22. Rxa5 e4 23. Ra4 e3 24. f4 Bf6 25. Re4 Qc7 26. Qb3 g5
27. fxg5 Bxg5 28. Be2 Rh6 29. Bg4 Rxh2 30. Rxh2 Qxh2 31. Bxd7
Qxg2 32. Rd4 Ra8 33. Qa3 Rxa3 34. bxa3 Qc2 35. Nd1 Bh4+ 0-1

[Event "Reykjavik Open"]
[Site "Reykjavik ISL"]
[Date "2019.04.08"]
[EventDate "2019.04.08"]
[Round "1.22"]
[Result "0-1"]
[White "Hector Giacomini"]
[Black "D Gukesh"]
[WhiteElo "2167"]
[BlackElo "2536"]
[PlyCount "116"]

1. Nf3  Nf6  2. e3  g6  3. d4  Bg7  4. c4  O-O  5. Be2  d6  6. Nc3  Nbd7  7. O-O  e5  8. b4  Re8  9. a4  e4  10. Nd2  Nf8  11. a5  a6  12. b5  h5  13. Bb2
 h4  14. h3  N8h7  15. Qb3  Ng5  16. Rfc1 
Be6  17. Qd1  Qd7  18. Bf1  Bf5  19. Nd5  Nxd5  20. cxd5  axb5  21. Qb3 
Qe7  22. Qxb5  Rab8  23. Rc2  Nh7  24. Rac1  Rec8  25. Ba3  Nf6  26. Be2 
g5  27. Nf1  g4  28. hxg4  Nxg4  29. Nh2  Nxh2  30. Kxh2  Bh6  31. Bb4 
Kh8  32. Bf1  Bg4  33. Be1  f5  34. a6  bxa6  35. Qxa6  f4  36. Bd2  h3
 37. gxh3  Qh4  38. Be1  f3  39. Rxc7  Rg8  40. Qxd6  Bxh3  41. Qg3 
Qxg3+  42. fxg3  Bxf1  43. Bf2
 Bg2  44. R1c6  Bg5  45. g4  Rb1  46. Rc1 
Rxc1  47. Rxc1  Kg7  48. Rc7+  Kf6  49. Rh7  Kg6  50. Rh5  Rd8  51. Bh4 
Rxd5  52. Kg3  Bxh4+  53. Rxh4
 Ra5  54. Rh8  Ra3  55. Kf2  Ra2+  56. Kg3 
Bf1  57. d5  Rg2+  58. Kf4  f2  0-1

[Event "Reykjavik Open"]
[Site "Reykjavik ISL"]
[Date "2019.04.09"]
[EventDate "2019.04.08"]
[Round "3.3"]
[Result "1-0"]
[White "Sergei Movsesian"]
[Black "D Gukesh"]
[WhiteElo "2637"]
[BlackElo "2536"]
[PlyCount "80"]

1. e4  c5  2. Nc3  Nc6  3. g3  g6  4. Bg2  Bg7  5. d3  d6  6. Be3  e5  7. Qd2  Be6  8. f4  Nge7  9. Nf3  Nd4  10. O-O  O-O  11. Ng5  Bd7  12. Rae1  f6  13.
Nh3  Be6  14. Nd5  Rc8  15. c3  Nb5  16. Nxe7+  Qxe7  17. f5  Bf7  18. g4  Kh8  19. Nf2  c4  20. a4  Nc7  21. d4  b5  22. axb5  exd4  23.
cxd4  Nxb5  24. g5  c3  25. bxc3  Bc4  26. Nd3  fxg5  27. Bxg5  Bf6  28. Bxf6+  Rxf6  29. Rf3  gxf5  30. e5  Re6  31. Nf4
 Rh6  32. exd6  Qxd6  33. Re5  a5  34. Qe3 
Qf8  35. Rxb5  Bxb5  36. Qe5+  Qf6  37. Qxb5  Rg8  38. Qxa5  Re8  39. h3  Qg5
 40. Kh2  1-0

[Event "Reykjavik Open"]
[Site "Reykjavik ISL"]
[Date "2019.04.10"]
[EventDate "2019.04.08"]
[Round "4.16"]
[Result "1/2-1/2"]
[White "D Gukesh"]
[Black "Mikkel Manosri Jacobsen"]
[WhiteElo "2536"]
[BlackElo "2302"]
[PlyCount "68"]

1. e4  c6  2. d4  d5  3. Nc3  dxe4  4. Nxe4 
Bf5  5. Ng3  Bg6  6. Nh3  e6  7. Nf4  Qh4  8. c3  Nd7  9. Qb3  O-O-O  10. Nh3  Qe7  11. Be2  Ngf6  12. Nf4  e5  13.
dxe5  Nxe5  14. Be3  c5  15. O-O  Qc7  16. Qa4  Kb8  17. Rad1  Bd6  18.
b4  Ned7  19. Rxd6  Qxd6  20. Qa3  b6  21. Qa6  Qc7  22. a4  Rhe8  23.
a5  Qb7  24. Qc4  Ne5  25. Qa2  cxb4  26. axb6  axb6  27. cxb4  Nd5  28. Nxd5
 Qxd5  29. Qa4  Qa8  30. Qb3  Bd3  31. Bxb6 
Bxe2  32. Nxe2  Rd3  33. Qc2  Qc6  34. Bc5  Red8  1/2-1/2

[Event "Reykjavik Open"]
[Site "Reykjavik ISL"]
[Date "2019.04.11"]
[EventDate "2019.04.08"]
[Round "5.23"]
[Result "1/2-1/2"]
[White "Jagadeesh Siddharth"]
[Black "D Gukesh"]
[WhiteElo "2132"]
[BlackElo "2536"]
[PlyCount "80"]

1. Nf3  Nf6  2. c4  g6  3. Nc3  Bg7  4. g3  O-O  5. Bg2  d5  6. cxd5  Nxd5  7. O-O  c5  8. Nxd5  Qxd5  9. d3  Nc6
 10. Be3  Qd7  11. Qc1  b6  12. d4  cxd4  13. Nxd4  Nxd4  14. Bxd4 
Qxd4  15. Bxa8  Bf5  16. Bf3  Rc8  17. Qd1  Qxb2  18. Rc1  Rxc1  19. Qxc1 
Qxa2  20. Qc6  Bf6  21. Rd1  Kg7  22. Qe8  Bh3  23. e3  e6  24. Qd7  a5  25. Rc1  a4  26. Rc7  Kh6  27. Bd1 Qb1  28. Qd2  a3  29. Rxf7  Bg4  30. f3
 a2  31. e4+  Bg5 32. Qd7 Be3+
 33. Kf1  Bh3+  34. Ke2  Qb2+  35. Kxe3 Qc3+  36. Ke2  Qb2+  37. Ke3  Qh8  38. Rxh7+  Qxh7 39. Qa4  Qc7  40. Qxa2  1/2-1/2

[Event "Reykjavik Open"]
[Site "Reykjavik ISL"]
[Date "2019.04.13"]
[EventDate "2019.??.??"]
[Round "6.23"]
[Result "1-0"]
[White "D Gukesh"]
[Black "Michael Schwerteck"]
[WhiteElo "2536"]
[BlackElo "2099"]
[PlyCount "56"]

1. Nf3  d5  2. g3  Bg4  3. Bg2  Nd7  4. O-O  c6  5. d3  Ngf6  6. h3
 Bh5  7. Qe1  e5  8. e4  dxe4  9. dxe4  Bc5
 10. a4  O-O  11. Na3  Re8  12. Nh4  Qc7  13.
Nc4  Nb6  14. Ne3  Rad8  15. b3  Nfd7  16. Kh1  f6  17. f4  exf4  18.
gxf4  Nc8  19. Nef5  Nd6  20. Ng3  Bf7  21. b4  Bc4  22. Rf3  Bd4  23.
c3  Nxe4  24. Nxe4  Bd5  25. Rg3  Bxe4  26. Bxe4  Bf2  27. Qxf2  Rxe4  28. Rxg7+  1-0

[Event "Reykjavik Open"]
[Site "Reykjavik ISL"]
[Date "2019.04.14"]
[EventDate "2019.??.??"]
[Round "7.16"]
[Result "0-1"]
[White "Arnt Esbensen"]
[Black "D Gukesh"]
[WhiteElo "2176"]
[BlackElo "2536"]
[PlyCount "52"]

1. d4  Nf6  2. c4  g6  3. Nf3  Bg7  4. g3  O-O
 5. Bg2  d6  6. O-O  Nbd7  7. b3  e5  8. Nc3
 Re8  9. dxe5  dxe5  10. e4  c6  11. Qc2 
Nc5  12. Be3  Qe7  13. h3  Nfd7  14. Rfd1  Ne6  15. Rab1  Rf8  16. Qd2 
f5  17. Bh6  Bxh6  18. Qxh6  f4  19. h4  Nf6  20. Nxe5  fxg3  21. f4  Nh5  22. Nxg6  hxg6  23. Qxg6+  Nhg7  24. f5  Qxh4  25. Rd3  Qh2+  26. Kf1 
Qxg2+  0-1

[Event "Reykjavik Open"]
[Site "Reykjavik ISL"]
[Date "2019.04.15"]
[EventDate "2019.04.08"]
[Round "8.12"]
[Result "0-1"]
[White "D Gukesh"]
[Black "Gudmundur Kjartansson"]
[WhiteElo "2536"]
[BlackElo "2444"]
[PlyCount "84"]

1. e4 e5 2. Nf3 Nf6 3. d3 Nc6 4. g3 Bc5 5. Bg2 d6 6. O-O O-O
7. c3 Re8 8. a4 a5 9. Na3 Ba7 10. Re1 h6 11. Be3 Bxe3 12. Rxe3
d5 13. exd5 Nxd5 14. Re1 Nb6 15. Nb5 Re7 16. d4 Bg4 17. h3
Bxf3 18. Bxf3 exd4 19. Bxc6 Rxe1+ 20. Qxe1 bxc6 21. Nxd4 Qd5
22. Qe2 Nc4 23. Re1 Nd6 24. Rf1 Rb8 25. Qa6 Rxb2 26. Nxc6 Kh7
27. Nxa5 Nf5 28. c4 Qd2 29. Qa7 Nxg3 30. Ra1 Ne2+ 31. Kh1 Nd4
32. Rf1 Qd3 33. Kg2 Qe4+ 34. Kh2 Qf4+ 35. Kg2 Nf5 36. Kg1 Nh4
37. Qa8 c6 38. Qxc6 Qg5+ 39. Kh2 Qxa5 40. c5 Qb4 41. Qd5 Qf4+
42. Kg1 Rd2 0-1

[Event "Reykjavik Open"]
[Site "Reykjavik ISL"]
[Date "2019.04.16"]
[EventDate "2019.04.08"]
[Round "9.24"]
[Result "0-1"]
[White "Simon Thorhallsson"]
[Black "D Gukesh"]
[WhiteElo "2171"]
[BlackElo "2536"]
[PlyCount "60"]

1. d4 Nf6 2. c4 g6 3. Nc3 Bg7 4. e4 d6 5. f3 O-O 6. Be3 e5
7. Nge2 Nbd7 8. Qd2 c6 9. d5 cxd5 10. cxd5 a6 11. g3 b5
12. Bg2 b4 13. Nd1 a5 14. O-O Ba6 15. Nf2 Nc5 16. Rfd1 Nfd7
17. Nc1 f5 18. Nb3 f4 19. gxf4 exf4 20. Bd4 Nxb3 21. axb3 Bxd4
22. Qxd4 Nc5 23. e5 Nxb3 24. Qe4 Nxa1 25. Rxa1 dxe5 26. Qxe5
Qf6 27. Qxf6 Rxf6 28. Rxa5 Bb7 29. Rxa8+ Bxa8 30. Ne4 Rf8 0-1